| 000 | 00661nam a2200205 i 4500 | ||
|---|---|---|---|
| 001 | 42657 | ||
| 003 | ES-MaACL | ||
| 005 | 20230906160645.0 | ||
| 007 | t| | ||
| 008 | 030313s1970 sp ||||1| spa d | ||
| 100 | 1 |
_aCastillo Solórzano, Alonso de. _936770 |
|
| 245 | 1 | 3 |
_aLa garduña de Sevilla _b: ; Anzuelo de las bolsas / _cAlfonso del Castillo Solórzano. |
| 260 |
_aMadrid : _bJ. Pérez del Hoyo, _c[1970] |
||
| 300 |
_a195 p. ; _c19 cm. |
||
| 490 | 1 |
_a100 clásicos universales ; _v38 |
|
| 740 | 0 | _aAnzuelo de las bolsas. | |
| 830 | 0 |
_a100 clásicos universales ; _v38 _9181952 |
|
| 852 |
_aES-MaACL _jL-11177 _bR.110486 |
||
| 999 |
_c42657 _d42657 |
||